000 00771cam a22002533a 4500
001 4222
003 PGUSA
005 20140828083050.0
008 030701s2003||||xxu|||||s|||||000 | eng d
040 _aPGUSA
_beng
042 _adc
050 4 _aG
100 1 _aScott, Ernest,
_cSir,
_d1868-1939
245 1 0 _aLaperouse
_h[electronic resource] /
_cErnest, Scott
260 _bProject Gutenberg,
_c2003
506 _aPublic domain in the USA.
516 _aElectronic text
653 _aExplorers -- France -- Biography
653 _aLa Pérouse, Jean-François de Galaup, comte de 1741-1788
653 _aPacific Ocean -- Discovery and exploration -- French
830 0 _aProject Gutenberg
_v4222
856 4 0 _uhttp://www.gutenberg.org/ebooks/4222
942 _cEB
999 _c233551
_d233551